Jesús : (Record no. 196359)

MARC details
000 -LEADER
campo de control de longitud fija 01261nam a2200373 i 4500
001 - NÚMERO DE CONTROL
campo de control 196359
003 - IDENTIFICADOR DE NÚMERO DE CONTROL
campo de control ES-MaACL
005 - FECHA Y HORA DE LA ÚLTIMA TRANSACCIÓN
campo de control 20241012063112.0
007 - CAMPO FIJO DE DESCRIPCIÓN FÍSICA--INFORMACIÓN GENERAL
campo de control de longitud fija ta
008 - DATOS DE LONGITUD FIJA--INFORMACIÓN GENERAL
campo de control de longitud fija 240919s2008 sp a | |||| 000 0 spa
017 ## - NÚMERO DE COPYRIGHT O DE DEPÓSITO LEGAL
Número de copyright o de depósito legal M 39850-2008
Agencia que asigna Oficina Depósito Legal Madrid
020 ## - NÚMERO INTERNACIONAL ESTÁNDAR DEL LIBRO
Número Internacional Estándar del Libro 9788428819404
035 ## - NÚMERO DE CONTROL DEL SISTEMA
Número de control de sistema (OCoLC)434253872
035 ## - NÚMERO DE CONTROL DEL SISTEMA
Número de control de sistema (SpMaBN)a4381762
035 ## - NÚMERO DE CONTROL DEL SISTEMA
Número de control de sistema 991010541269708606
040 ## - FUENTE DE CATALOGACIÓN
Centro catalogador/agencia de origen SpMaBN
Lengua de catalogación spa
Centro/agencia transcriptor SpMaBN
Normas de descripción rdc
Centro/agencia modificador ES-MaACL
080 ## - NÚMERO DE LA CLASIFICACIÓN DECIMAL UNIVERSAL
Número de la Clasificación Decimal Universal 232
100 ## - ENTRADA PRINCIPAL--NOMBRE DE PERSONA
Nombre de persona Pagola, José Antonio
9 (RLIN) 238771
245 10 - MENCIÓN DEL TÍTULO
Título Jesús :
Resto del título aproximación histórica /
Mención de responsabilidad, etc. José Antonio Pagola.
250 ## - MENCION DE EDICION
Mención de edición 8ª ed.
260 ## - PUBLICACIÓN, DISTRIBUCIÓN, ETC.
Lugar de publicación, distribución, etc. Boadilla del Monte, Madrid :
Nombre del editor, distribuidor, etc. PPC,
Fecha de publicación, distribución, etc. 2008.
300 ## - DESCRIPCIÓN FÍSICA
Extensión 539 p. ;
Dimensiones 25 cm
336 ## - TIPO DE CONTENIDO
Fuente rdacontent
Término de tipo de contenido texto
337 ## - TIPO DE MEDIO
Fuente rdamedia
Nombre/término del tipo de medio sin mediación
338 ## - TIPO DE SOPORTE
Fuente rdacarrier
Nombre/término del tipo de soporte volumen
504 ## - NOTA DE BIBLIOGRAFÍA, ETC.
Nota de bibliografía, etc. Incluye referencias bibliográficas
600 04 - PUNTO DE ACCESO ADICIONAL DE MATERIA--NOMBRE DE PERSONA
Nombre de persona Jesucristo
Fuente del encabezamiento o término embne
9 (RLIN) 66361
852 ## - LOCALIZACIÓN
Ubicación ES-MaACL
Ubicación en estantería Depósito 1
Donativo/Legado Donación: José Manuel Duarte Cendán
itemnumber 204062
Número de control de estantería A-15403
903 ## - NOMBRE PERSONAL DE DONANTE
9 238529
a Duarte Cendán, José Manuel
q 1
e Donante
942 ## - ELEMENTOS DE ENTRADA SECUNDARIOS (KOHA)
Suprimir en OPAC No
Tipo de ítem Koha Libro impreso
Holdings
Estatus retirado Estado de pérdida Fuente del sistema de clasificación o colocación Estado de daño No para préstamo Biblioteca de origen Biblioteca actual Ubicación en estantería Fecha de adquisición Fuente de adquisición Total de préstamos Signatura topográfica completa Código de barras Visto por última vez Precio de reemplazo Tipo de ítem Koha
    Clasificación decimal universal     Biblioteca del Ateneo de Madrid Biblioteca del Ateneo de Madrid Despachos-biblioteca 19/09/2024 Donación   A-15403 101228860 19/09/2024 19/09/2024 Libro impreso